Management of the public sector in Japan (Record no. 5787)

000 -LEADER
fixed length control field 00405pab a2200145 454500
008 - FIXED-LENGTH DATA ELEMENTS--GENERAL INFORMATION
fixed length control field 180718b1986 xxu||||| |||| 00| 0 eng d
100 ## - MAIN ENTRY--PERSONAL NAME
Personal name Bornins, Sandford F.
245 ## - TITLE STATEMENT
Title Management of the public sector in Japan
Remainder of title Are there lessons to be learned
260 ## - PUBLICATION, DISTRIBUTION, ETC.
Date of publication, distribution, etc. 1986
300 ## - PHYSICAL DESCRIPTION
Extent 175-96
362 ## - DATES OF PUBLICATION AND/OR SEQUENTIAL DESIGNATION
Dates of publication and/or sequential designation Summer
650 ## - SUBJECT ADDED ENTRY--TOPICAL TERM
Topical term or geographic name entry element Civil service - Japan
773 ## - HOST ITEM ENTRY
Main entry heading Canadian Public Administration
909 ## -
-- 5787
Holdings
Withdrawn status Lost status Damaged status Not for loan Permanent Location Current Location Date acquired Serial Enumeration / chronology Barcode Date last seen Price effective from Koha item type
        Indian Institute of Public Administration Indian Institute of Public Administration 2018-07-19 Volume no: 29, Issue no: 2 AR5794 2018-07-19 2018-07-19 Articles

Powered by Koha